| 000 | 00792nam a22001697a 4500 | ||
|---|---|---|---|
| 999 |
_c5369 _d5369 |
||
| 020 | _a0876921179 | ||
| 020 | _a9780876921173 | ||
| 050 |
_aHM57 _b.In5 |
||
| 100 | _a Inkeles, Alex | ||
| 245 |
_aWhat is sociology? : an introduction to the discipline and profession _cAlex Inkeles |
||
| 260 |
_aNew Delhi : _bPrentice Hall, _c1987. |
||
| 300 |
_a120 pages. _c23cm. |
||
| 440 | _aPrentice-Hall foundations of modern sociology series. | ||
| 500 | _aIncludes index. | ||
| 505 | _a1. The subject matter of sociology 2. The sociological perspective 3. models of society in sociological analysis 4. Conception of man in sociological analysis 5. Basis elements of social life 6. Fundamental social processes 7. modes of inquiry in sociology 8. Sociology as a Profession | ||
| 942 | _cBK | ||